000 00705nam a2200253Ia 4500
001 Para_729
003 CHAP
008 220125s1999 xx 000 0 und d
010 _a204487
040 _cCHAP
090 _aPA FOLLETO 3445
110 2 _aUniversidad Autónoma Chapingo
_9143749
245 _aReglamento de titulación /
_c por UACh Subdirección General de Investigación y Servicio
260 _aChapíngo, Méx. :
_b s.e.
300 _a9 p.
650 _aUniversidades
_x leyes
_9116653
901 _aPA FOLLETO 3445
902 _aA
905 _a0000001999 0000000000 00
910 _a1999
942 _cPARA
942 _cPARA
_d1
999 _c204487
_d204487